000 00278nam a2200109Ia 4500
008 220216s9999 xx 000 0 und d
245 0 _aRRIM 700 series clones trials : First report
260 _bPlanters Bulletin
_c1965
300 _a23-25
650 _aWind damage
942 _cJS
999 _c67340
_d67340